| 000 | 005750000a22001930004500 | ||
|---|---|---|---|
| 020 | _a0-8020-1198-1 | ||
| 041 | 0 | _aENG | |
| 082 | 0 | 4 | _aG 230 T431i |
| 100 | 1 | _aThielicke, Helmut (1908-) | |
| 245 | 1 | 0 | _aA little exercise for young theologians / Helmut Thielicke ; translated from the German by Charles L. Taylor |
| 260 | _aGrand Rapids, MIC., USA : Eerdmans | ||
| 300 | _axv, 41 Pag | ||
| 650 | 1 | 4 | _aTEOLOGIA - ENSEÑANZA |
| 001 | 3308 | ||
| 942 | _cBK | ||
| 999 |
_c33987 _d33987 |
||
| 336 |
_atexto _btxt _2rdacontent |
||
| 337 |
_2rdamedia _asin mediación _bn |
||
| 338 |
_2rdacarrier _avolumen _bnc |
||